000
00185nam a22000857a 4500
001
1243367
005
20251016141420.0
245
_a
KELİLE VE DİMNE
_c
BEYDEBA
260
_b
TİMAŞ YAYINLARI
999
_c
1243367
_d
1243367